[Event "SRB-chT3 Liga Nord CS"]
[Site "Serbia"]
[Date "2011.09.11"]
[Round "1.34"]
[White "Lakicevic, Budimir"]
[Black "Josipovic, Milan"]
[Result "1-0"]
[WhiteElo "2043"]
[BlackElo "1947"]
[PlyCount "64"]
[EventDate "2011.09.11"]
[EventType "team"]
[EventRounds "11"]
[EventCountry "SRB"]
[SourceTitle "EXT 2015"]
[Source "ChessBase"]
[SourceDate "2014.11.20"]
[SourceVersion "1"]
[SourceVersionDate "2014.11.20"]
[SourceQuality "1"]

1. d4 g6 2. c4 Bg7 3. Nc3 Nf6 4. e4 d6 5. f4 0-0 6. Nf3 Nc6 7. d5 Nb8 8. Bd3 Nbd7 9. 0-0 c6 10. Qe2 cxd5 11. cxd5 Qa5 12. a3 Nh5 13. b4 Qc7 14. Nb5 Qd8 15. Rb1 a6 16. Nbd4 Qb6 17. Qf2 Qc7 18. Be3 Nhf6 19. Rfc1 Qd8 20. h3 h6 21. g4 Re8 22. g5 Nh5 23. h4 e6 24. dxe6 fxe6 25. Ne2 Kh7 26. Ng3 Nxg3 27. Qxg3 h5 28. Nd2 b5 29. e5 dxe5 30. Qf3 Rb8 31. Qxh5+ Kg8 32. Bxg6 Nf8 1-0

[Event "Belgrade Trophy 23rd"]
[Site "Obrenovac"]
[Date "2010.11.27"]
[Round "4"]
[White "Lakicevic, Budimir"]
[Black "Dikic, Veljko"]
[Result "1/2-1/2"]
[WhiteElo "2027"]
[BlackElo "1817"]
[PlyCount "43"]
[EventDate "2010.11.24"]
[EventType "swiss"]
[EventRounds "9"]
[EventCountry "YUG"]
[SourceTitle "CBM 139 Extra"]
[Source "ChessBase"]
[SourceDate "2011.01.05"]
[SourceVersion "1"]
[SourceVersionDate "2011.01.05"]
[SourceQuality "1"]

1. d4 d5 2. Nf3 c6 3. e3 Nf6 4. c4 Bg4 5. Nc3 e6 6. h3 Bxf3 7. Qxf3 Nbd7 8. cxd5 cxd5 9. Bb5 a6 10. Bxd7+ Qxd7 11. 0-0 Bb4 12. Bd2 0-0 13. Rfc1 Rfc8 14. Qd1 Rc7 15. Ne4 Nxe4 16. Bxb4 Rac8 17. f3 Nd6 18. Rxc7 Qxc7 19. Bxd6 Qxd6 20. Rc1 Rc6 21. Rxc6 Qxc6 22. Qd2 1/2-1/2

[Event "Valjevo op"]
[Site "Valjevo"]
[Date "2010.11.13"]
[Round "8"]
[White "Jovanovic, Aleksandar D"]
[Black "Lakicevic, Budimir"]
[Result "1-0"]
[WhiteElo "2211"]
[BlackElo "2027"]
[PlyCount "81"]
[EventDate "2010.11.08"]
[EventType "swiss"]
[EventRounds "9"]
[EventCountry "YUG"]
[SourceTitle "EXT 2011"]
[Source "ChessBase"]
[SourceDate "2010.11.26"]
[SourceVersion "1"]
[SourceVersionDate "2010.11.26"]
[SourceQuality "1"]

1. d4 Nf6 2. c4 g6 3. Nc3 d5 4. Bf4 Bg7 5. e3 0-0 6. Nf3 a6 7. Ne5 c6 8. Be2 Nbd7 9. 0-0 dxc4 10. Nxc4 Nd5 11. Bg3 N7f6 12. Bf3 Be6 13. Qe2 Nb6 14. Na5 Qc8 15. h3 g5 16. Rac1 Rd8 17. Rfd1 Nbd5 18. Na4 Nd7 19. Bxd5 Bxd5 20. e4 Bxa2 21. b3 Bxb3 22. Nxb3 b5 23. Nac5 Nxc5 24. Rxc5 Qe6 25. d5 cxd5 26. Rcxd5 Rxd5 27. Rxd5 h6 28. Nd4 Qc8 29. Nf5 Bf8 30. Qh5 Qe6 31. Re5 Qf6 32. h4 gxh4 33. Bxh4 Qg6 34. Nxe7+ Bxe7 35. Qxg6+ fxg6 36. Rxe7 b4 37. Rb7 a5 38. Bf6 Ra6 39. e5 Rc6 40. f4 h5 41. Kf2 1-0

[Event "Belgrade Trophy 21st"]
[Site "Obrenovac"]
[Date "2008.12.01"]
[Round "5"]
[White "Radosevic, Nenad"]
[Black "Lakicevic, Budimir"]
[Result "1-0"]
[WhiteElo "2184"]
[BlackElo "2022"]
[PlyCount "74"]
[EventDate "2008.11.27"]
[EventType "swiss"]
[EventRounds "9"]
[EventCountry "YUG"]
[SourceTitle "CBM 127 Extra"]
[Source "ChessBase"]
[SourceDate "2009.01.08"]
[SourceVersion "2"]
[SourceVersionDate "2009.01.28"]
[SourceQuality "1"]

1. Nf3 Nf6 2. g3 g6 3. Bg2 Bg7 4. 0-0 0-0 5. d3 d6 6. Re1 Nc6 7. Nbd2 Bg4 8. h3 Bd7 9. c3 e5 10. e4 Ne8 11. Nf1 Qc8 12. Kh2 f5 13. exf5 gxf5 14. Ng5 Nf6 15. f4 h6 16. fxe5 dxe5 17. Qb3+ Kh8 18. Bxc6 Bxc6 19. Nf7+ Kh7 20. Nxe5 Bd5 21. Qd1 Re8 22. Bf4 b6 23. Ne3 Bb7 24. Qb3 Re7 25. Ng2 Nh5 26. d4 Be4 27. Qd1 Nxf4 28. gxf4 Bf6 29. Qh5 Qe8 30. Qe2 Rg7 31. Rg1 Qe7 32. Ne3 Rag8 33. Rxg7+ Qxg7 34. N3g4 Bh4 35. Rg1 Kh8 36. Nf7+ Kh7 37. Nfxh6 fxg4 1-0

[Event "Belgrade Trophy 21st"]
[Site "Obrenovac"]
[Date "2008.11.27"]
[Round "1"]
[White "Bogdanovski, Vlatko"]
[Black "Lakicevic, Budimir"]
[Result "1-0"]
[WhiteElo "2393"]
[BlackElo "2022"]
[PlyCount "41"]
[EventDate "2008.11.27"]
[EventType "swiss"]
[EventRounds "9"]
[EventCountry "YUG"]
[SourceTitle "CBM 127 Extra"]
[Source "ChessBase"]
[SourceDate "2009.01.08"]
[SourceVersion "2"]
[SourceVersionDate "2009.01.28"]
[SourceQuality "1"]

1. d4 Nf6 2. c4 g6 3. Nc3 d5 4. Nf3 Bg7 5. Qb3 dxc4 6. Qxc4 Nbd7 7. e4 Nb6 8. Qb3 0-0 9. Be2 c6 10. 0-0 Be6 11. Qc2 a5 12. h3 Qc8 13. Rd1 Rd8 14. Bf4 a4 15. Bf1 h6 16. Rac1 Kh7 17. Be3 Nfd7 18. d5 cxd5 19. exd5 Bf5 20. Qe2 Qb8 21. g4 1-0

[Event "SRB-chT3 North"]
[Site "Serbia"]
[Date "2008.10.23"]
[Round "6.6"]
[White "Lakicevic, Budimir"]
[Black "Markovic, Dragan"]
[Result "1-0"]
[WhiteElo "2022"]
[BlackElo "2224"]
[PlyCount "79"]
[EventDate "2008.09.14"]
[EventType "team"]
[EventRounds "11"]
[EventCountry "SRB"]
[SourceTitle "EXT 2012"]
[Source "ChessBase"]
[SourceDate "2011.11.24"]
[SourceVersion "1"]
[SourceVersionDate "2011.11.24"]
[SourceQuality "1"]

1. d4 Nf6 2. c4 e6 3. Nf3 b6 4. g3 Bb7 5. Bg2 Be7 6. Nc3 Ne4 7. Qc2 Nxc3 8. Qxc3 0-0 9. 0-0 Be4 10. Rd1 d6 11. Ne1 Bxg2 12. Nxg2 Nd7 13. b3 c5 14. Rb1 Qc7 15. Bb2 Bf6 16. Qf3 Rad8 17. Ne3 Qc8 18. Ng4 Be7 19. dxc5 Qxc5 20. Bd4 Qh5 21. Kg2 f5 22. Ne5 Qxf3+ 23. Nxf3 h6 24. h4 Nf6 25. Bb2 Ne4 26. Nd4 Kf7 27. Nc6 Rde8 28. Nxe7 Kxe7 29. Bxg7 Rg8 30. Bb2 h5 31. e3 Rc8 32. Rbc1 Rc5 33. Kf3 Rgc8 34. Kg2 Rg8 35. a3 e5 36. Kf3 Rgc8 37. a4 Ke6 38. Bc3 R5c6 39. Rd5 Nf6 40. Rd2 1-0

[Event "Belgrade Trophy 20th"]
[Site "Belgrade"]
[Date "2007.11.28"]
[Round "7"]
[White "Lakicevic, Budimir"]
[Black "Jovanovic, Nebojsa M"]
[Result "0-1"]
[WhiteElo "2103"]
[BlackElo "1874"]
[PlyCount "151"]
[EventDate "2007.11.22"]
[EventType "swiss"]
[EventRounds "9"]
[EventCountry "YUG"]
[SourceTitle "CBM 121 Extra"]
[Source "ChessBase"]
[SourceDate "2008.01.10"]
[SourceVersion "1"]
[SourceVersionDate "2008.01.10"]
[SourceQuality "1"]

1. d4 Nf6 2. c4 e6 3. a3 d5 4. Qc2 dxc4 5. Qxc4 Nc6 6. Nf3 Qd5 7. Qd3 Qe4 8. Qd1 Qg6 9. Nc3 a6 10. g3 Bd6 11. Bg2 h6 12. Nh4 Qh7 13. f4 Bd7 14. e4 Be7 15. e5 Nd5 16. Be4 Nxc3 17. Bxh7 Nxd1 18. Be4 Nxd4 19. Kxd1 0-0-0 20. Be3 Bc6 21. Bxc6 Nxc6+ 22. Kc2 Nd4+ 23. Bxd4 Rxd4 24. Nf3 Rd5 25. Rad1 Rhd8 26. Rxd5 Rxd5 27. Kc3 c5 28. a4 Kc7 29. b3 Kc6 30. Nd2 b5 31. axb5+ axb5 32. Ra1 Kb7 33. Ra5 Bd8 34. Ra1 f6 35. Nf3 g5 36. h3 fxe5 37. fxe5 Bc7 38. Kc2 Bxe5 39. Re1 Bxg3 40. Rxe6 Rd6 41. Re7+ Kc6 42. Nd2 Bf4 43. Ne4 Rg6 44. Nf2 Kd5 45. Nd3 Bd6 46. Rb7 Kc6 47. Rh7 Rf6 48. Rh8 Kd5 49. Rh7 c4 50. bxc4+ bxc4 51. Nb2 Rf2+ 52. Kb1 c3 53. Nd3 Rd2 54. Nc1 Rb2+ 55. Ka1 Rb5 56. Rxh6 c2 57. Ka2 Bf4 58. Ne2 c1Q 59. Nxc1 Bxc1 60. h4 g4 61. Rg6 Rb2+ 62. Ka1 Rb4 63. h5 Ke5 64. h6 Kf5 65. Rc6 Bb2+ 66. Ka2 Rb8 67. h7 Bf6 68. Rc1 Rh8 69. Rh1 g3 70. Rf1+ Kg6 71. Rg1 Be5 72. Re1 Rxh7 73. Rxe5 g2 74. Re1 Rh1 75. Re8 g1Q 76. Rg8+ 0-1

[Event "Belgrade Trophy 20th"]
[Site "Belgrade"]
[Date "2007.11.27"]
[Round "6"]
[White "Vucinic, Gojko"]
[Black "Lakicevic, Budimir"]
[Result "1-0"]
[WhiteElo "1824"]
[BlackElo "2103"]
[PlyCount "53"]
[EventDate "2007.11.22"]
[EventType "swiss"]
[EventRounds "9"]
[EventCountry "YUG"]
[SourceTitle "CBM 121 Extra"]
[Source "ChessBase"]
[SourceDate "2008.01.10"]
[SourceVersion "1"]
[SourceVersionDate "2008.01.10"]
[SourceQuality "1"]

1. e4 c5 2. Nf3 d6 3. d4 cxd4 4. Nxd4 Nf6 5. Nc3 g6 6. Be3 Bg7 7. f3 Nc6 8. Qd2 Bd7 9. Bc4 0-0 10. 0-0-0 Rc8 11. Bb3 Ne5 12. Kb1 Nc4 13. Bxc4 Rxc4 14. g4 Qc7 15. h4 Rc8 16. h5 Rb4 17. Nb3 a5 18. g5 Nxh5 19. Nd5 Qd8 20. Nxb4 axb4 21. Qxb4 b5 22. Bd4 Rc4 23. Qd2 Be6 24. Bxg7 Nxg7 25. Nd4 Ra4 26. b3 Ra5 27. Nc6 1-0

[Event "Belgrade Trophy 20th"]
[Site "Belgrade"]
[Date "2007.11.25"]
[Round "4"]
[White "Vilotijevic, Mica"]
[Black "Lakicevic, Budimir"]
[Result "0-1"]
[WhiteElo "1885"]
[BlackElo "2103"]
[PlyCount "60"]
[EventDate "2007.11.22"]
[EventType "swiss"]
[EventRounds "9"]
[EventCountry "YUG"]
[SourceTitle "CBM 121 Extra"]
[Source "ChessBase"]
[SourceDate "2008.01.10"]
[SourceVersion "1"]
[SourceVersionDate "2008.01.10"]
[SourceQuality "1"]

1. e4 c5 2. Nf3 d6 3. d4 cxd4 4. Nxd4 Nf6 5. Nc3 g6 6. Be2 Bg7 7. 0-0 0-0 8. Kh1 Nc6 9. Be3 Bd7 10. a3 Rc8 11. f3 Ne5 12. Rb1 a6 13. Nb3 Nc4 14. Bf2 Nxa3 15. Ra1 Nc4 16. Bxc4 Rxc4 17. Ne2 Qc8 18. c3 Ba4 19. Ra3 Rd8 20. Qa1 Bxb3 21. Rxb3 d5 22. e5 Nd7 23. f4 Re4 24. Qd1 e6 25. Qd2 Qc4 26. Ng3 Qxb3 27. Nxe4 dxe4 28. Bh4 Qb5 29. Rd1 e3 30. Qxe3 Rc8 0-1

[Event "Belgrade Trophy 20th"]
[Site "Belgrade"]
[Date "2007.11.24"]
[Round "3"]
[White "Lakicevic, Budimir"]
[Black "Popovic, Milos T"]
[Result "0-1"]
[WhiteElo "2103"]
[BlackElo "2419"]
[PlyCount "118"]
[EventDate "2007.11.22"]
[EventType "swiss"]
[EventRounds "9"]
[EventCountry "YUG"]
[SourceTitle "CBM 121 Extra"]
[Source "ChessBase"]
[SourceDate "2008.01.10"]
[SourceVersion "1"]
[SourceVersionDate "2008.01.10"]
[SourceQuality "1"]

1. d4 d5 2. Nf3 Bf5 3. c4 e6 4. Nc3 c6 5. Qb3 Qb6 6. e3 Nf6 7. Be2 Nbd7 8. 0-0 Be7 9. Qxb6 axb6 10. b3 0-0 11. Bb2 h6 12. Nd2 Rfd8 13. Rfd1 Ra7 14. f3 Bc2 15. Re1 Rda8 16. e4 dxe4 17. fxe4 Bb4 18. e5 Nh7 19. a4 c5 20. Rac1 cxd4 21. Rxc2 dxc3 22. Bxc3 Bxc3 23. Rxc3 Nxe5 24. Re3 Nd7 25. Ne4 Nhf6 26. Nxf6+ Nxf6 27. Rd1 Kf8 28. Red3 Ke7 29. Bf3 Rb8 30. Kf2 Ra5 31. Rd4 Rc5 32. Ke3 Rc7 33. R1d3 Rd7 34. Kd2 Rxd4 35. Rxd4 Nd7 36. b4 Ne5 37. Bd1 Nc6 38. Rd3 Nxb4 39. Rb3 Rd8+ 40. Ke2 Na6 41. Rxb6 Nc5 42. Rb5 Kd6 43. Ke3 Ra8 44. a5 Rc8 45. Bf3 Rc7 46. Rb6+ Ke7 47. Kd4 e5+ 48. Kd5 Na4 49. Rb4 Rc5+ 50. Ke4 Rxa5 51. Rxb7+ Kf6 52. Ke3 Nc5 53. Rb6+ Kf5 54. h4 e4 55. g4+ Ke5 56. Be2 Ra3+ 57. Kf2 Ra6 58. Rb8 Ra7 59. Re8+ Kf4 0-1

[Event "Belgrade Trophy 20th"]
[Site "Belgrade"]
[Date "2007.11.23"]
[Round "2"]
[White "Bulatovic, Ilija"]
[Black "Lakicevic, Budimir"]
[Result "0-1"]
[WhiteElo "1833"]
[BlackElo "2103"]
[PlyCount "88"]
[EventDate "2007.11.22"]
[EventType "swiss"]
[EventRounds "9"]
[EventCountry "YUG"]
[SourceTitle "CBM 121 Extra"]
[Source "ChessBase"]
[SourceDate "2008.01.10"]
[SourceVersion "1"]
[SourceVersionDate "2008.01.10"]
[SourceQuality "1"]

1. e4 c5 2. Nf3 d6 3. Nc3 Nf6 4. Be2 g6 5. d4 cxd4 6. Nxd4 Bg7 7. Be3 Nc6 8. 0-0 0-0 9. h3 d5 10. exd5 Nxd5 11. Nxd5 Qxd5 12. Bf3 Qc4 13. Nxc6 bxc6 14. c3 Be6 15. Qc2 a5 16. Rfd1 a4 17. Bd4 Bf5 18. Qe2 Qxe2 19. Bxe2 Rab8 20. Bxg7 Kxg7 21. Rd2 Be6 22. Bd1 Ra8 23. Kf1 a3 24. b3 Rad8 25. Ke1 Rxd2 26. Kxd2 Rd8+ 27. Ke3 c5 28. Bc2 f5 29. f4 Kf6 30. c4 g5 31. g3 gxf4+ 32. gxf4 Rg8 33. Kf2 Bc8 34. Bd1 Rd8 35. Ke3 e5 36. Be2 exf4+ 37. Kxf4 Rd4+ 38. Kf3 Bb7+ 39. Kf2 Rd2 40. Ke3 Rc2 41. h4 Ke5 42. Kf2 f4 43. Kf1 f3 44. Bd3 Rh2 0-1

[Event "Belgrade Trophy 20th"]
[Site "Belgrade"]
[Date "2007.11.22"]
[Round "1"]
[White "Lakicevic, Budimir"]
[Black "Zivanic, Marko"]
[Result "0-1"]
[WhiteElo "2103"]
[BlackElo "2460"]
[PlyCount "77"]
[EventDate "2007.11.22"]
[EventType "swiss"]
[EventRounds "9"]
[EventCountry "YUG"]
[SourceTitle "CBM 121 Extra"]
[Source "ChessBase"]
[SourceDate "2008.01.10"]
[SourceVersion "1"]
[SourceVersionDate "2008.01.10"]
[SourceQuality "1"]

1. d4 d5 2. Nf3 Nf6 3. c4 c6 4. Nc3 e6 5. Bg5 dxc4 6. e4 b5 7. e5 h6 8. Bh4 g5 9. Nxg5 hxg5 10. Bxg5 Nbd7 11. exf6 Qb6 12. g3 Bb7 13. Bg2 0-0-0 14. 0-0 Ne5 15. Be3 c5 16. dxc5 Bxc5 17. Bxc5 Qxc5 18. Qe2 Bxg2 19. Kxg2 Rd4 20. Rad1 Nd3 21. Qf3 Kb8 22. b4 Qb6 23. a4 bxa4 24. Nxa4 Qb5 25. Nc3 Qd7 26. Ne2 Rd6 27. Ra1 e5 28. h4 Rh6 29. Qe4 c3 30. Ra5 Rhxf6 31. Nxc3 Rd4 32. Qh7 Rg6 33. Rb5+ Kc7 34. Qh8 Qc6+ 35. Kh2 Rd8 36. Qh7 Rd7 37. Qh8 Rd8 38. Qh7 Qf3 39. Na4 0-1